New approaches to individualizing instruction ; a report of a conference on May 11, 1965, to mark the dedication of Ben D. Wood Hall.

Bibliographic Details
Corporate Author: Educational Testing Service
Format: Book
Language:English
Published: Princeton, N.J., [publisher not identified] ; [1965]
Subjects:

MARC

Tag First Indicator Second Indicator Subfields
LEADER 00000cam a2200000 4500
001 in00000055649
005 20151008052257.0
008 741111s1965 njuac 00000 eng
010 |a  74188624  
035 |a (OCoLC)01206809 
035 |9 AAH2590AM 
040 |a DLC  |c DLC  |d TXA  |d UtOrBLW 
049 |a TXAM  |c [471664] 
050 0 |a LB1031  |b .N4 
082 0 |a 371.39/4 
092 |a 370.1  |b E24n, 1965 
110 2 |a Educational Testing Service. 
245 1 0 |a New approaches to individualizing instruction ;  |b a report of a conference on May 11, 1965, to mark the dedication of Ben D. Wood Hall. 
264 1 |a Princeton, N.J.,  |b [publisher not identified] ;  |c [1965] 
264 4 |c [©1965] 
300 |a vi, 142 pages :  |b illustrations, portraits ;  |c 23 cm. 
336 |a text  |b txt  |2 rdacontent 
337 |a unmediated  |b n  |2 rdamedia 
338 |a volume  |b nc  |2 rdacarrier 
650 0 |a Education  |x Philosophy. 
999 |a MARS 
999 f f |s ca4e4c6f-b3a0-3078-90b0-d43558f05d37  |i 638c02a2-5ce1-3ff9-b70a-59089e55de55  |t 0 
952 f f |p normal  |a Texas A&M University  |b College Station  |c Sterling C. Evans Library  |d Evans: Library Stacks  |t 0  |e LB1031 .N4  |h Library of Congress classification  |i unmediated -- volume  |m A14800818353 
998 f f |a LB1031 .N4  |t 0  |l Evans: Library Stacks